000 00450nmm a2200169Ia 4500
008 251105s9999||||xx |||||||||||||||||und||
020 _a9788490079546
041 _aspa
100 _aVallejo, César
245 0 _aEl tungsteno
264 _a[Madrid, España] :
_bLinkgua,
_c2016
300 _a102 páginas
490 _aNarrativa
650 _aLatin American narrative
856 _uhttps://public.digitaliapublishing.com/a/48754
942 _cCF
999 _c87375
_d87375